| 000 | 00701nam a22001697a 4500 | ||
|---|---|---|---|
| 999 |
_c19348 _d19348 |
||
| 003 | AR-CdUCM | ||
| 008 | 190517b ||||| |||| 00| 0 spa d | ||
| 040 |
_aMUNICIPALIDAD PROVINCIAL DEL CUSCO _cBIBLIOTECA MUNICIPAL DEL CUSCO |
||
| 082 |
_a970.004 / _bG39 |
||
| 100 |
_aGerbi, Antonello _98209 |
||
| 245 |
_aViejas polémicas sobre el nuevo mundo : _ben el umbral de una conciencia americana / |
||
| 260 |
_aLima : _bBanco de crédito del Perú, _c1946. |
||
| 300 |
_a311 páginas ; _c25 cm. |
||
| 505 | _aLa inferioridad de las especies animales en América -- Los iluministas -- La inferioridad del hombre americano -- Polemicas europeas alrededor de Pauw... | ||
| 942 |
_2ddc _cLIBROS |
||
| 945 | _awfj | ||